000 02553nab a2200265 ab4500
005 20260219154104.0
008 251016c2024 cl fr p#o# #00| spa d
003
040 _aMX-MxUPN
_bspa
_cMX-MxUPN
_eaacr2
100 1 _aMendoza-Pérez, Juan Carlos
100 1 _aVega-Cauich, Julio Isaac
100 1 _aLópez-Barrientos, Héctor Alexis
245 1 _aSalud Mental entre las Poblaciones LGBT+ de México durante la Pandemia de COVID-19
_h[recurso electrónico en línea]
506 0 _aAcceso abierto
520 3 _aLas personas de la disidencia sexual en México enfrentan retos en salud mental ante la discriminación por orientación sexual o identidad de género. El confinamiento por la COVID-19 repercutió en su salud mental, por lo que este estudio analizó las diferencias en afectaciones psicosociales y en salud mental entre las poblaciones LGBT+ en México en este contexto. Método: Estudio transversal y no probabilístico, con la participación de 1,525 personas LGBT+. Por medio de un cuestionario, se exploró el impacto psicosocial de la COVID-19 comparando cuatro grupos: hombres gay y bisexuales (HGB), mujeres lesbianas y bisexuales (MLB), personas transgénero y de otras identidades de género no normativas (TIN) y personas de otras identidades sexuales no normativas (ISN). Resultados: Las áreas con mayor afectación psicosocial por la COVID-19 fueron la afectación en la vida, la limitación para hacer actividades, el aislamiento de amigos/as LGBT+ y cis-heterosexuales, el miedo a la COVID-19 y la incomodidad en el hogar. Realizando análisis de varianza y covarianza, los HGB presentaron diferencias con los otros grupos al reflejar menores afectaciones. A través de modelos de regresión logística se mostró que la probabilidad de ideación suicida era mayor en MLB, TIN e ISN, comparado con los HGB. Las personas TIN tuvieron mayor probabilidad de presentar intento suicida que los HGB, incluso después de ajustar por variables de control. Conclusiones: La pandemia por la COVID-19 impactó en áreas que trascienden lo biológico, pues el aislamiento social evidenció afectaciones a la salud mental de la población LGBT+.
_cPsykhe
650 4 _aSalud mental
_922888
653 _aLGBTIQ+
653 _aCOVID 19
653 _aPandemia
773 _gVol. 33, no. 2, (2024), p. 1-15
_tPsykhe
_x0718-2228
856 4 _uhttps://ojs.uc.cl/index.php/psykhe/article/view/50679
856 4 _uhttps://ojs.uc.cl/index.php/psykhe/article/view/50679/63016
902 _aLeonor Sotres/190226
942 _cART-E
999 _c214657
_d214657